书目信息 |
| 题名: |
哲学通论
|
|
| 作者: | 孙正聿 著 | |
| 分册: | ||
| 出版信息: | 沈阳 辽宁人民出版社 1998.09 |
|
| 页数: | 491页 | |
| 开本: | 26cm | |
| 丛书名: | ||
| 单 册: | ||
| 中图分类: | B0 | |
| 科图分类: | ||
| 主题词: | 哲学理论 | |
| 电子资源: | ||
| ISBN: | 7-205-04143-0 | |
| 000 | 00514nam0 2200193 45 | |
| 001 | 0201281070 | |
| 005 | 20031219104053.3 | |
| 010 | @a7-205-04143-0@dCNY45.00 | |
| 100 | @a20020128d1998 km y0chiy0120 ea | |
| 101 | 0 | @achi |
| 105 | @a z 000yy | |
| 200 | 1 | @a哲学通论@AZhe Xue Tong Lun@f孙正聿著@FSun Zheng Yu Zhu |
| 210 | @a沈阳@c辽宁人民出版社@d1998.09 | |
| 215 | @a491页@d26cm | |
| 606 | 0 | @a哲学理论 |
| 690 | @aB0@v4 | |
| 701 | 0 | @a孙正聿@4著 |
| 801 | @aCN@bTSTC@c20020128 | |
| 905 | @b306027-029@dB0@e142@f3 | |
| 哲学通论/孙正聿著.-沈阳:辽宁人民出版社,1998.09 |
| 491页;26cm |
| ISBN 7-205-04143-0:CNY45.00 |
| ● |
| 相关链接 |
|
|
|
|
正题名:哲学通论
索取号:B0/142
 
预约/预借
| 序号 | 登录号 | 条形码 | 馆藏地/架位号 | 状态 | 备注 |
| 1 | 0306027 | 203060276 | 第一借阅区/ [索取号:B0/142] | 在馆 | |
| 2 | 0306028 | 203060285 | 第一借阅区/ [索取号:B0/142] | 在馆 | |
| 3 | 0306029 | 203060294 | 第一样本阅览室/ [索取号:B0/142] | 在馆 |